Loading...

Control systems /

Bibliographic Details
Main Author: Kani, A. Nagoor
Language:Undetermined
Published: Chennai : RBA publications , 1998.
Subjects:
LEADER 00505nam a2200157Ia 4500
001 140905
008 170722s9999 xx 000 0 und d
100 |a Kani, A. Nagoor 
245 |a Control systems / 
260 |a Chennai :  |b RBA publications ,  |c 1998. 
300 |a 606 p. 
653 |a Control Systems 
923 |d 20041129  |n 2481 
942 |c GEN 
999 |c 130553  |d 130553 
952 |0 0  |1 0  |4 0  |6 D_6616_N83  |7 0  |9 184415  |a LIB  |b LIB  |d 2013-03-25  |e Ajith Book Stall  |l 7  |o D66,16 N83  |p 256317  |r 2019-12-22  |s 2019-10-26  |w 2017-08-12  |y GEN